Normal view
MARC view
- Logic programming
Entry Topical Term
001 - CONTROL NUMBER
- control field: 55697
003 - CONTROL NUMBER IDENTIFIER
- control field: NUST
005 - DATE AND TIME OF LATEST TRANSACTION
- control field: 20210628201531.0
008 - FIXED-LENGTH DATA ELEMENTS
- fixed length control field: 210628|| aca||aabn | a|a d
040 ## - CATALOGING SOURCE
- Original cataloging agency: NUST
- Transcribing agency: NUST
150 ## - HEADING--TOPICAL TERM
- Topical term or geographic name entry element: Logic programming
670 ## - SOURCE DATA FOUND
- Source citation: Work cat.: (NUST): Lu, Mi. 55696, Arithmetic and logic in computer systems /, c2004.
